LIBRARY & INFORMATION CENTRE, KCAET, TAVANUR

ONLINE PUBLIC ACCESS CATALOGUE (OPAC)

CAD / CAM: Theory and Practice (Record no. 14722)

MARC details
000 -LEADER
fixed length control field 00381nam a22001457a 4500
020 ## - INTERNATIONAL STANDARD BOOK NUMBER
ISBN 9780070151345
082 ## - DEWEY DECIMAL CLASSIFICATION NUMBER
Classification number 005.369
Item number ZEI/CA
100 ## - MAIN ENTRY--AUTHOR NAME
Personal name Zeid, Ibrahim
100 ## - MAIN ENTRY--AUTHOR NAME
Personal name Sivasubramanian R.
245 ## - TITLE STATEMENT
Title CAD / CAM: Theory and Practice
250 ## - EDITION STATEMENT
Edition statement 2 nd
260 ## - PUBLICATION, DISTRIBUTION, ETC. (IMPRINT)
Place of publication New Delhi
Name of publisher McGraw Hill Education (India) Private Limited
Year of publication 2014
300 ## - PHYSICAL DESCRIPTION
Number of Pages 813
942 ## - ADDED ENTRY ELEMENTS (KOHA)
Koha item type Book Bank scheme for SC students
Holdings
Withdrawn status Lost status Damaged status Collection code Home library Current library Shelving location Date acquired Source of acquisition Cost, normal purchase price Full call number Accession Number Koha item type
        KAUAET KAUAET Scheme 23/08/2016 Aman Book Stall, Calicut. 650.00 005.369 ZEI/CA BB 326 Book Bank scheme for SC students
        KAUAET KAUAET Scheme 23/08/2016 Aman Book Stall, Calicut. 650.00 005.369 ZEI/CA BB 327 Book Bank scheme for SC students
        KAUAET KAUAET Scheme 23/08/2016 Aman Book Stall, Calicut. 650.00 005.369 ZEI/CA BB 328 Book Bank scheme for SC students
        KAUAET KAUAET General Stacks 31/03/2018 Aman Books, Calicut 675.00 005.369 ZEI/CA 25636 Books
        KAUAET KAUAET General Stacks 31/03/2018 Aman Books, Calicut 675.00 005.369 ZEI/CA 25637 Books
free website counter